000 00624nam a22002177a 4500
999 _c10846
_d10846
003 AR-CdUCM
008 190402b ||||| |||| 00| 0 spa d
040 _aMUNICIPALIDAD PROVINCIAL DEL CUSCO
_cBIBLIOTECA MUNICIPAL DEL CUSCO
082 _aEP / 372.64 /
_bL17
100 _aLagerlof, Selma
_927900
245 _aEl niño duende /
260 _bSusaeta,
300 _bIlustraciones,
_c27 cm.
440 _aColecciones Esmeralda
_927836
500 _aLibro sin numeración
505 _aContenido :Cuento /
650 _aEducación primaria
_91561
650 _aCuento
_94671
942 _2ddc
_cLIBROS
945 _arjall